| 000 | 00439nam a2200169Ia 4500 | ||
|---|---|---|---|
| 008 | 170203s9999 xx 000 0 und d | ||
| 020 | _a1561448869 | ||
| 050 | _aFic | ||
| 050 | _b.D574s 1996 | ||
| 100 | _aDiGiovanna, James | ||
| 245 | _aSpace jam : | ||
| 245 | _bRabbit Rebound / | ||
| 245 | _c written by James DiGiovanna ; art by TXF Graphics. | ||
| 260 | _c1996 | ||
| 650 | _aOptical illusions. | ||
| 650 | _aVisual perception. | ||
| 999 |
_c306200 _d306200 |
||